000 00482nam a2200169Ia 4500
999 _c36131
_d36131
003 OSt
005 20200629120054.0
008 190216s9999||||xx |||||||||||||| ||und||
020 _a0600531473
040 _coclc
082 _a930.12
_bSKL/H
100 _aSklenar, Karel
_93309
245 0 _aHunters Of The Stone Age /
_cKarel Sklenar
260 _bHamlyn Publishing,
_c1988.
_aEngland:
300 _a125p
942 _cREF
_2ddc
_h930.12
_iSKL/H
_k930.12
_mSKL/H